| 000 | 00333 a2200109 4500 | ||
|---|---|---|---|
| 020 | _a0898748917 | ||
| 082 | _a620.3 BLE | ||
| 100 | _aBlevins, Robert D. | ||
| 245 |
_aFlow induced vibration _cRobert D. Blevins |
||
| 260 |
_aFlorida : _bRobert E. Krieger Publishing company, _c1986 |
||
| 300 |
_axiii, 363p. : _bill. ; _c20 cm |
||
| 650 | _avibration -- fluid mechanics | ||
| 999 |
_c880 _d880 |
||